000 01087 a2200217 4500
005 20080825150249.0
008 080825t xxu||||| |||| 00| 0 hin d
010 _aHIN-83033
020 _c80.00
_a8175253509
035 _aHN-55379
037 _bपु.प्र.अ.प्र/प्रका
082 _a821.08
100 _aबैनीवाल, विकेश
245 _aअभावों में भाव /
_cविकेश बैनीवाल
246 _aAbhavon mein Bhav
_bby Vikesh Baaneval
260 _aमथुरा
_bयशदीप प्रकाशन
_c2002
270 _aग्राम व पोस्ट-कामर तहसील-छाता
_bमथुरा
_e281403
_c(उ.प्र.)
300 _a192पृ
_c22सेमी (अजिल्द)
942 _adpl
_cHN
_k821.08 / बैनीवा
_2ddc
_h821.08
_mबैनीवा
999 _c11529
_d11529